19वी सदी के गुजराती और हिन्दी साहित्य में भारतीय चेतना / (Record no. 212042)

MARC details
000 -LEADER
fixed length control field 00891nam a22001937a 4500
005 - DATE AND TIME OF LATEST TRANSACTION
control field 20250703114045.0
010 ## - LCCN (DPL NO)
LC control number HIN-129886
020 ## - INTERNATIONAL STANDARD BOOK NUMBER
Terms of availability 570.00
International Standard Book Number 9788197828133
035 ## - SYSTEM CONTROL NUMBER
System control number HN-102232
037 ## - SOURCE OF ACQUISITION
Source of stock number/acquisition DBAD
082 ## - DEWEY DECIMAL CLASSIFICATION NUMBER
Classification number 820.8
100 ## - MAIN ENTRY--PERSONAL NAME
Personal name गुप्ता कुमार आलोक
245 ## - TITLE STATEMENT
Title 19वी सदी के गुजराती और हिन्दी साहित्य में भारतीय चेतना /
Statement of responsibility, etc आलोक कुमार गुप्ता
250 ## - EDITION STATEMENT
Edition statement 1
260 ## - PUBLICATION, DISTRIBUTION, ETC. (IMPRINT)
Place of publication, distribution, etc शिमला
Name of publisher, distributor, etc भारतीय उच्च अध्ययन संस्थान
Date of publication, distribution, etc 2025
270 ## - ADDRESS
City शिमला
Address राष्ट्रपति निवास , शिमला
300 ## - PHYSICAL DESCRIPTION
Extent 56 ,पृ.
Other physical details 20.5 से.मी.(अजिल्द)
942 ## - ADDED ENTRY ELEMENTS (KOHA)
Source of classification or shelving scheme Dewey Decimal Classification
Item type Hindi Books
Classification part 820.8
Call number suffix गुप्ताआ
Edition 1
Holdings
Withdrawn status Lost status Not for loan Collection code Home library Current library Date acquired Source of acquisition Cost, normal purchase price Full call number Barcode Cost, replacement price Koha item type
      Non-fiction Ashok Vihar Ashok Vihar 03/07/2025 DBAD 570.00 820.8 गुप्ताआ HN-102232 570.00 Hindi Books

© Delhi Public Library
Hit Counter
free hit counter